Normal view MARC view

Entry Nombre personal

Number of records used in: 55

001 - NÚMERO DE CONTROL

  • campo de control: 240060

003 - IDENTIFICADOR DE NÚMERO DE CONTROL

  • campo de control: SpMaBN

005 - FECHA Y HORA DE LA ÚLTIMA TRANSACCIÓN

  • campo de control: 20250416222345.0

008 - ELEMENTOS DE DATO DE LONGITUD-FIJA

  • campo de control de longitud fija: 901120nn aijnnaabn a aaa ||

016 ## - NÚMERO DE CONTROL DE UNA AGENCIA BIBLIOGRÁFICA NACIONAL

  • Número de control del registro: BNE19900144009

024 7# - IDENTIFICADOR DE OTROS ESTÁNDARES

  • Número estándar o código: http://viaf.org/viaf/32003942/
  • Fuente: viaf

024 8# - IDENTIFICADOR DE OTROS ESTÁNDARES

  • Número estándar o código: https://data.cervantesvirtual.com/person/2970

024 7# - IDENTIFICADOR DE OTROS ESTÁNDARES

  • Número estándar o código: https://isni.org/isni/000000012278019X
  • Fuente: isni

024 7# - IDENTIFICADOR DE OTROS ESTÁNDARES

  • Número estándar o código: http://www.wikidata.org/entity/Q39803
  • Fuente: wikidata

040 ## - FUENTE DE CATALOGACIÓN

  • Centro catalogador/agencia de origen: SpMaBN
  • Lengua de catalogación: spa
  • Centro/agencia transcriptor: SpMaBN
  • Normas de descripción: rdc
  • Convención/Normas de encabezamiento de materia/tesauro: embne

046 ## - FECHAS CON CODIFICACIÓN ESPECIAL

  • Fecha de nacimiento: 1936

100 1# - ENCABEZAMIENTO-NOMBRE DE PERSONA

  • Nombre de persona: Vargas Llosa, Mario,
  • Fechas asociadas al nombre: 1936-2025

368 ## - OTROS ATRIBUTOS DE PERSONA O ENTIDAD CORPORATIVA

  • Otra designación: Premio Cervantes
  • Período de inicio: (1994)

370 ## - LUGAR ASOCIADO

  • Lugar de nacimiento: Perú, Arequipa (Departamento), Arequipa (Provincia), Arequipa

372 ## - CAMPO DE ACTIVIDAD

  • Campo de actividad: Novelas
  • Campo de actividad: Cuentos
  • Campo de actividad: Ensayos
  • Campo de actividad: Teatro
  • Fuente del término: tgfbne

372 ## - CAMPO DE ACTIVIDAD

  • Campo de actividad: Periodismo
  • Fuente del término: embne

373 ## - GRUPO ASOCIADO

  • Grupo asociado: Boom latinoamericano
  • Grupo asociado: Realismo mágico
  • Grupo asociado: Sociedad Mont Pelerin
  • Grupo asociado: Academia Brasileña de Letras
  • Grupo asociado: Academia Estadounidense de las Artes y las Ciencias
  • Grupo asociado: Real Academia Española
  • Fuente de información: Wikidata

374 ## - OCUPACIÓN

  • Ocupación: Escritores
  • Ocupación: Políticos
  • Ocupación: Periodistas
  • Fuente del término: embne

375 ## - GÉNERO/SEXO

  • Género: Masculino

377 ## - IDIOMA ASOCIADO

  • Código del idioma: spa
  • Término de lengua/lenguaje: Español

400 1# - TRAZADO DE VÉASE--NOMBRE DE PERSONA

  • Nombre de persona: Bargkas Liosa, Mario
  • Fechas asociadas al nombre: 1936-

400 1# - TRAZADO DE VÉASE--NOMBRE DE PERSONA

  • Nombre de persona: Βαργκασ Λιοσα, Μαριο
  • Fechas asociadas al nombre: 1936-

400 1# - TRAZADO DE VÉASE--NOMBRE DE PERSONA

  • Nombre de persona: Vargas, Mario
  • Fechas asociadas al nombre: 1936-

670 ## - FUENTE DE DATOS ENCONTRADOS

  • Cita de la fuente: Pantaleón y las visitadoras, 1986
  • Información encontrada: port. (Mario Vargas Llosa)

670 ## - FUENTE DE DATOS ENCONTRADOS

  • Cita de la fuente: La civilización del espectáculo, 2012
  • Información encontrada: port. (Mario Vargas Llosa)

670 ## - FUENTE DE DATOS ENCONTRADOS

  • Cita de la fuente: Mia istoria gia ton Maÿta, 1997
  • Información encontrada: port. (Mario Bargkas Liosa = Μαριο Βαργκασ Λιοσα)

670 ## - FUENTE DE DATOS ENCONTRADOS

  • Cita de la fuente: Los jefes, 1959
  • Información encontrada: port. (Mario Vargas)

670 ## - FUENTE DE DATOS ENCONTRADOS

  • Cita de la fuente: Dic. enc. Espasa
  • Información encontrada: (Vargas Llosa, Mario; n. 1936 en Arequipa, Perú)

670 ## - FUENTE DE DATOS ENCONTRADOS

  • Cita de la fuente: Dic. de literatura española e hispanoamericana, 1993
  • Información encontrada: (Vargas Llosa, Mario; n. 1936 en Arequipa, Perú)

856 4# - LOCALIZACIÓN Y ACCESO ELECTRÓNICOS

  • Identificador Uniforme de Recursos: http://es.wikipedia.org/wiki/Mario_Vargas_Llosa

856 4# - LOCALIZACIÓN Y ACCESO ELECTRÓNICOS

  • Identificador Uniforme de Recursos: http://dialnet.unirioja.es/servlet/autor?codigo=231491